000
00205 a2200097 4500
020
_a
9780439551205
041
_a
spa
100
_a
David Pilkey
245
_a
Las aventuras del super bebe paąl
942
_c
BK
999
_c
29181
_d
29179